000 01128nam0a2200313 4500
001 RU\NLR\bibl\1369566
005 20250615190303.0
010 _a978-5-8459-1492-7
_91000
021 _aRU
_b2009-22612
_91338
035 _a(NLR Aleph) 001361701
090 _a985308
_c985308
100 _a20090518d2009 |||y0rusy50 ca
101 0 _arus
102 _aRU
105 _aa |||||||||
200 1 _aЧерчение в AutoCAD 2009
_fТ.Н. Климачева
210 _aМосква
_cДиалектика
_cВильямс
_d2009
215 _a496 с
_cил.
_d24
320 _aПредм. указ.: с. 490-496
606 1 _aЧертежи
_xВыполнение на компьютерах
_92167408
_3RU\NLR\auth\661304001
606 1 _aAutoCAD 2009, система автоматизированного проектирования
_92532242
_3RU\NLR\auth\661499835
686 _aЖ2-5-05
686 _aЖ11-5-05
700 1 _aКлимачева
_bТ. Н.
_gТатьяна Николаевна
_4070
801 0 _aRU
_bNLR
_c20090518
_gRCR
801 1 _aRU
_bNLR
_c20090518
942 _cBOOK
980 _aNB